<?xml version="1.0" encoding="UTF-8"?><marc:collection xmlns:marc="http://www.loc.gov/MARC21/slim">
  <marc:record>
    <marc:leader>00000nam##2200000za#4500</marc:leader>
    <marc:controlfield tag="001">9.680165</marc:controlfield>
    <marc:controlfield tag="003">CaOODSP</marc:controlfield>
    <marc:controlfield tag="005">20210615132349</marc:controlfield>
    <marc:controlfield tag="007">ta</marc:controlfield>
    <marc:controlfield tag="008">150407|1997||||xxc|||||     f|0| 0 fre|d</marc:controlfield>
    <marc:datafield tag="020" ind1=" " ind2=" ">
      <marc:subfield code="a">0-660-95689-6</marc:subfield>
    </marc:datafield>
    <marc:datafield tag="040" ind1=" " ind2=" ">
      <marc:subfield code="a">CaOODSP</marc:subfield>
      <marc:subfield code="b">fre</marc:subfield>
    </marc:datafield>
    <marc:datafield tag="043" ind1=" " ind2=" ">
      <marc:subfield code="a">n-cn---</marc:subfield>
    </marc:datafield>
    <marc:datafield tag="086" ind1="1" ind2=" ">
      <marc:subfield code="a">CP32-64/9-1997F</marc:subfield>
    </marc:datafield>
    <marc:datafield tag="110" ind1="1" ind2=" ">
      <marc:subfield code="a">Canada. </marc:subfield>
      <marc:subfield code="b">Commission d'enquête sur le déploiement des Forces canadiennes en Somalie.</marc:subfield>
    </marc:datafield>
    <marc:datafield tag="245" ind1="1" ind2="0">
      <marc:subfield code="a">Droit applicable aux Forces canadiennes en Somalie en 1992-1993 : </marc:subfield>
      <marc:subfield code="b">étude préparée pour la Commission d'enquête sur le déploiement des Forces canadiennes en Somalie / </marc:subfield>
      <marc:subfield code="c">par James M. Simpson. </marc:subfield>
    </marc:datafield>
    <marc:datafield tag="260" ind1=" " ind2=" ">
      <marc:subfield code="a">Ottawa - Ontario : </marc:subfield>
      <marc:subfield code="b">Commission d'enquête sur le déploiement des Forces canadiennes en Somalie </marc:subfield>
      <marc:subfield code="c">1997.</marc:subfield>
    </marc:datafield>
    <marc:datafield tag="300" ind1=" " ind2=" ">
      <marc:subfield code="a">vii, 86p. : </marc:subfield>
      <marc:subfield code="b">références ; </marc:subfield>
      <marc:subfield code="c">23 cm.</marc:subfield>
    </marc:datafield>
    <marc:datafield tag="500" ind1=" " ind2=" ">
      <marc:subfield code="a">«Cette étude traite des fondements juridiques de l'applicabilité du droit militaire et criminel canadien et de l'applicabilité éventuelle de droit criminel somalien et du droit international des conflits armés aux Forces canadienne en Somalie.»--Couverture arrière. Données de catalogage avant publication (Canada) imprimées dans cette publication.</marc:subfield>
    </marc:datafield>
    <marc:datafield tag="520" ind1="3" ind2=" ">
      <marc:subfield code="a">Par James M. Simpson. Cette étude examine les aspects du droit pénal international et national qui s'appliquaient aux Forces canadiennes durant leur déploiement en Somalie de décembre 1992 à juin 1993. Dans ce contexte, l'étude se penche sur l'applicabilité du droit criminel de la Somalie et du Canada, le droit militaire canadien et le droit international sur les conflits armés. En outre, l'ouvrage commente brièvement les règles d'engagement des Forces canadiennes qui précisaient quand le personnel des Forces devait avoir recours à la force à l'endroit de personnes en Somalie et quand il devrait s'en abstenir.</marc:subfield>
    </marc:datafield>
    <marc:datafield tag="563" ind1=" " ind2=" ">
      <marc:subfield code="a">Couverture souple</marc:subfield>
    </marc:datafield>
    <marc:datafield tag="590" ind1=" " ind2=" ">
      <marc:subfield code="a">97-30</marc:subfield>
      <marc:subfield code="b">1997-07-25</marc:subfield>
    </marc:datafield>
    <marc:datafield tag="691" ind1="0" ind2="7">
      <marc:subfield code="a">Armée</marc:subfield>
      <marc:subfield code="2">gcpds</marc:subfield>
    </marc:datafield>
    <marc:datafield tag="720" ind1="1" ind2=" ">
      <marc:subfield code="a">Simpson, James M.</marc:subfield>
    </marc:datafield>
    <marc:datafield tag="775" ind1="0" ind2="8">
      <marc:subfield code="t">Law applicable to Canadian Forces in Somalia, 1992-93 : </marc:subfield>
      <marc:subfield code="w">(CaOODSP)9.646642</marc:subfield>
    </marc:datafield>
    <marc:datafield tag="776" ind1="0" ind2="#">
      <marc:subfield code="t">Droit applicable aux Forces canadiennes en Somalie : </marc:subfield>
      <marc:subfield code="w">(CaOODSP)9.644295</marc:subfield>
    </marc:datafield>
  </marc:record>
</marc:collection>
